Vyjavlenije tonkoj struktury kristallov

Guardado en:
Detalles Bibliográficos
Autor principal: Pšeničnov, Ju.G (Autor)
Formato: Libro
Lenguaje:ruso
Publicado: Moskva : Metallurgija, 1974
Etiquetas: Agregar Etiqueta
Sin Etiquetas, Sea el primero en etiquetar este registro!

MARC

LEADER 00000nam a22000003a 4500
001 stu238336
005 20150617230133.5
008 111110s1974------------------------rus-d
040 |a STU  |b slo 
041 0 |a rus 
100 1 |a Pšeničnov, Ju.G.  |4 aut 
245 1 |a Vyjavlenije tonkoj struktury kristallov 
260 |a Moskva :  |b Metallurgija,  |c 1974 
996 |b E3312  |c E*3312  |l EE16  |s P  |a 0  |w stu238336_0001